00606 2200217 4500001002100000005001500021035002000036007000300056008004100059020002200100082001100122084001700133100001800150245008600168250001000254260004200264300002600306650003500332700000900367990001200376INLIS00000000001686820240726095825 a0010-0724000034ta240726 g 0 ind  a978-623-7333-78-4 a364.15 a364.15 GHY s0 aGHYNA, Amanda1 aStop Bullying :bA-Z Problem Bullying dan Solusinya /cGhyna Amanda; editor, Dyas acet.1 a[s.l.] :bCemerlang Publishing,c2021 avii, 166 hlm ;c20 cm 4aKEJAHATAN TERHADAP ANAK/REMAJA0 aDYAS a12084 a